[Event "31. Torneo San Viator 2019 - Grupo B"]
[Site "Madrid ESP"]
[Date "2019.10.20"]
[Round "6.9"]
[White "Gallego Romero, Manuel"]
[Black "Alcojor Patilla, Antonio"]
[Result "1/2-1/2"]
[WhiteElo "1421"]
[BlackElo "1602"]
[PlyCount "74"]
[EventDate "2019.09.08"]
[EventType "swiss"]
[EventRounds "9"]
[EventCountry "ESP"]
[SourceTitle "Ajedrez en Madrid"]
[Source "lmi"]
[SourceDate "2019.09.08"]
[SourceVersion "1"]
[SourceVersionDate "2019.10.29"]
[SourceQuality "1"]

1. e4 d6 2. d4 Nf6 3. Nc3 g6 4. Bg5 Bg7 5. Qd2 Nc6 6. d5 Ne5 7. h3 h6 8. Bf4 g5
9. Bxe5 dxe5 10. g4 a6 11. f3 Qd6 12. h4 Nh7 13. Nge2 e6 14. Ng3 gxh4 15. Nh5
Bf8 16. Rxh4 Be7 17. Rh1 Bg5 18. Qe2 Bd7 19. dxe6 Bxe6 20. Ng7+ Kf8 21. Nxe6+
Qxe6 22. Nd5 Rc8 23. Ne3 Qb6 24. Nc4 Qc5 25. Rd1 Nf6 26. Rd3 Kg7 27. Ne3 Rhd8
28. Nf5+ Kh7 29. Nxh6 Kg6 30. Qh2 Bf4 31. Qh3 Qxc2 32. g5 Bd2+ 33. Kf2 Bxg5+
34. Kg1 Qc5+ 35. Kg2 Qc2+ 36. Kg1 Qc5+ 37. Kg2 Qc2+ 1/2-1/2

[Event "31. Torneo San Viator 2019 - Grupo B"]
[Site "Madrid ESP"]
[Date "2019.10.20"]
[Round "6.10"]
[White "Caparros Armand, M Isabel"]
[Black "Perez Segoviano, Agustin"]
[Result "1/2-1/2"]
[WhiteElo "1406"]
[BlackElo "1481"]
[PlyCount "108"]
[EventDate "2019.09.08"]
[EventType "swiss"]
[EventRounds "9"]
[EventCountry "ESP"]
[SourceTitle "Ajedrez en Madrid"]
[Source "lmi"]
[SourceDate "2019.09.08"]
[SourceVersion "1"]
[SourceVersionDate "2019.10.29"]
[SourceQuality "1"]

1. d4 Nf6 2. Bf4 d5 3. e3 Bg4 4. Nf3 e6 5. Nbd2 Be7 6. h3 Bh5 7. Bd3 O-O 8. O-O
Nbd7 9. c3 c5 10. Qb1 Bg6 11. e4 dxe4 12. Nxe4 cxd4 13. cxd4 Nxe4 14. Bxe4 Bxe4
15. Qxe4 Qb6 16. d5 Qb4 17. Qxb4 Bxb4 18. dxe6 fxe6 19. Bd2 Bxd2 20. Nxd2 Rac8
21. b3 Rc2 22. Nc4 b5 23. Nd6 a6 24. f3 g5 25. Rf2 Rc7 26. Rd1 h6 27. Ne4 Kf7
28. f4 gxf4 29. Rxf4+ Ke7 30. Rxf8 Nxf8 31. Rd6 a5 32. Ra6 a4 33. bxa4 Rc4 34.
Ng3 bxa4 35. Kh2 Ng6 36. Nf5+ Kf6 37. Nxh6 Nf4 38. Ng4+ Kg5 39. Ra5+ Nd5 40.
Ne3 Rd4 41. Nc2 Rc4 42. Na3 Rd4 43. Rc5 Kf4 44. Rc4 e5 45. g3+ Kf3 46. h4 Kg4
47. Rc1 Rd2+ 48. Kg1 Kxg3 49. h5 Ne3 50. Nc4 Rg2+ 51. Kh1 Rh2+ 52. Kg1 Rg2+ 53.
Kh1 Rh2+ 54. Kg1 Rg2+ 1/2-1/2

[Event "31. Torneo San Viator 2019 - Grupo B"]
[Site "Madrid ESP"]
[Date "2019.10.20"]
[Round "6.11"]
[White "Cortijo Manso, Luis"]
[Black "Lavado Peña, David"]
[Result "0-1"]
[WhiteElo "1454"]
[BlackElo "1184"]
[PlyCount "62"]
[EventDate "2019.09.08"]
[EventType "swiss"]
[EventRounds "9"]
[EventCountry "ESP"]
[SourceTitle "Ajedrez en Madrid"]
[Source "lmi"]
[SourceDate "2019.09.08"]
[SourceVersion "1"]
[SourceVersionDate "2019.10.29"]
[SourceQuality "1"]

1. Nf3 c5 2. c4 Nc6 3. Nc3 g6 4. g3 Bg7 5. Bg2 Nf6 6. O-O O-O 7. a3 e6 8. d4
cxd4 9. Nxd4 d5 10. cxd5 Nxd5 11. Nxd5 Nxd4 12. Nc3 Qb6 13. Rb1 Rd8 14. e3 Nb5
15. Qc2 Bd7 16. Na4 Qa5 17. Bd2 Qa6 18. Rfc1 Rac8 19. Qb3 Nxa3 20. bxa3 Bxa4
21. Qxb7 Qxb7 22. Bxb7 Rxc1+ 23. Bxc1 Rd1+ 24. Kg2 Bc2 25. Bf3 Re1 26. Rb8+ Bf8
27. Bd2 Ra1 28. Bb4 Rb1 29. Rxf8+ Kg7 30. Ra8 Bd3 31. Rxa7 Bf1+ 0-1

[Event "31. Torneo San Viator 2019 - Grupo B"]
[Site "Madrid ESP"]
[Date "2019.10.20"]
[Round "6.12"]
[White "Barragan Sanchez, Enrique"]
[Black "Rojo Jorge, Angel"]
[Result "0-1"]
[WhiteElo "1364"]
[BlackElo "1445"]
[PlyCount "46"]
[EventDate "2019.09.08"]
[EventType "swiss"]
[EventRounds "9"]
[EventCountry "ESP"]
[SourceTitle "Ajedrez en Madrid"]
[Source "lmi"]
[SourceDate "2019.09.08"]
[SourceVersion "1"]
[SourceVersionDate "2019.10.29"]
[SourceQuality "1"]

1. d4 Nf6 2. c4 c5 3. d5 b5 4. b3 g6 5. Bb2 Bg7 6. Nd2 d6 7. e4 b4 8. Ngf3 Nbd7
9. Bd3 O-O 10. O-O Nb6 11. e5 Nfd7 12. Re1 a5 13. Rb1 dxe5 14. Nxe5 Nxe5 15.
Bxe5 e6 16. Bxg7 Kxg7 17. Nf3 exd5 18. cxd5 Nxd5 19. Be4 Be6 20. Rc1 Rc8 21.
Qd2 Nc3 22. Qb2 Qf6 23. Nd2 Ne2+ 0-1

[Event "31. Torneo San Viator 2019 - Grupo B"]
[Site "Madrid ESP"]
[Date "2019.10.20"]
[Round "6.13"]
[White "Menendez Domes, Juan"]
[Black "Benitez Cadenas, Luis Miguel"]
[Result "0-1"]
[WhiteElo "1437"]
[BlackElo "1535"]
[PlyCount "80"]
[EventDate "2019.09.08"]
[EventType "swiss"]
[EventRounds "9"]
[EventCountry "ESP"]
[SourceTitle "Ajedrez en Madrid"]
[Source "lmi"]
[SourceDate "2019.09.08"]
[SourceVersion "1"]
[SourceVersionDate "2019.10.29"]
[SourceQuality "1"]

1. e4 e5 2. Nf3 Nf6 3. Nc3 Bb4 4. Bc4 O-O 5. O-O d6 6. a3 Ba5 7. b4 Bb6 8. Na4
Nxe4 9. Nxb6 axb6 10. d3 Nf6 11. Re1 h6 12. Bb2 Nc6 13. h3 Re8 14. Kh2 Be6 15.
Bb5 Re7 16. d4 exd4 17. Nxd4 Bd7 18. Nf3 Rxe1 19. Qxe1 Ne5 20. Be2 Nxf3+ 21.
Bxf3 c6 22. Qd2 Bf5 23. Re1 Nh7 24. Qd4 f6 25. Bd1 d5 26. g4 Qc7+ 27. Kg2 Bg6
28. h4 Re8 29. Bc3 Re4 30. Rxe4 Bxe4+ 31. f3 Bg6 32. b5 Nf8 33. a4 Ne6 34. Qe3
Nf4+ 35. Kf1 c5 36. Bd2 Nh3 37. Kg2 d4 38. Qe6+ Bf7 39. Qf5 Bc4 40. Kxh3 Bf1#
0-1

[Event "31. Torneo San Viator 2019 - Grupo B"]
[Site "Madrid ESP"]
[Date "2019.10.20"]
[Round "6.14"]
[White "Castro Uceda, Jose Antonio"]
[Black "Alamo Casanueva, Daniel"]
[Result "1/2-1/2"]
[WhiteElo "1518"]
[BlackElo "1449"]
[PlyCount "114"]
[EventDate "2019.09.08"]
[EventType "swiss"]
[EventRounds "9"]
[EventCountry "ESP"]
[SourceTitle "Ajedrez en Madrid"]
[Source "lmi"]
[SourceDate "2019.09.08"]
[SourceVersion "1"]
[SourceVersionDate "2019.10.29"]
[SourceQuality "1"]

1. e4 e5 2. Qh5 Nc6 3. Bc4 Qe7 4. Ne2 Nf6 5. Qf3 d6 6. h3 Nb4 7. Bb3 Be6 8. Na3
Qd7 9. c3 Nc6 10. O-O Ne7 11. d4 Bxb3 12. axb3 Ng6 13. d5 Be7 14. c4 Nh4 15.
Qd3 O-O 16. Nb5 a6 17. Nbc3 c6 18. Na4 Bd8 19. Be3 cxd5 20. cxd5 b5 21. Nb6
Bxb6 22. Bxb6 Nh5 23. Be3 f5 24. Bg5 fxe4 25. Qxe4 Ng6 26. Rac1 Nf6 27. Bxf6
Rxf6 28. Rc6 Ne7 29. Rc3 Qb7 30. Rd1 Rc8 31. Rxc8+ Qxc8 32. Rc1 Qb7 33. Rd1 Rf8
34. Qg4 Qc8 35. Qb4 Qc2 36. Re1 Qc7 37. Nc3 Qb6 38. Re2 Rf4 39. Ne4 Nxd5 40.
Qxd6 Qxd6 41. Nxd6 Rb4 42. Rxe5 Nf6 43. Rc5 h6 44. Rc3 Rd4 45. Rc6 Rd1+ 46. Kh2
Rd2 47. Rxa6 Rxb2 48. Nxb5 Rxb3 49. Nd4 Rb2 50. f3 Nh5 51. Ne6 Kf7 52. Nd8+ Ke7
53. Nc6+ Kd7 54. Ne5+ Ke7 55. Nd3 Rd2 56. Ra3 Kf6 57. Ra6+ Ke7 1/2-1/2

[Event "31. Torneo San Viator 2019 - Grupo B"]
[Site "Madrid ESP"]
[Date "2019.10.20"]
[Round "6.15"]
[White "Rendo Quindos, Pedro"]
[Black "Periotto Miori, Caterina"]
[Result "1/2-1/2"]
[WhiteElo "1501"]
[BlackElo "1321"]
[PlyCount "114"]
[EventDate "2019.09.08"]
[EventType "swiss"]
[EventRounds "9"]
[EventCountry "ESP"]
[SourceTitle "Ajedrez en Madrid"]
[Source "lmi"]
[SourceDate "2019.09.08"]
[SourceVersion "1"]
[SourceVersionDate "2019.10.29"]
[SourceQuality "1"]

1. d4 d5 2. Bf4 Nf6 3. h3 e6 4. Nf3 Be7 5. e3 O-O 6. c4 c6 7. Bd3 dxc4 8. Bxc4
b5 9. Bd3 Bb7 10. Nbd2 a6 11. O-O c5 12. Qc2 Nbd7 13. Rac1 cxd4 14. exd4 Rc8
15. Qb1 Qb6 16. Be3 Qd6 17. Ne4 Qb8 18. Nfd2 h6 19. Nxf6+ Nxf6 20. Ne4 Nd5 21.
a3 Nf4 22. Nc5 Bxc5 23. dxc5 Nxd3 24. Qxd3 Rfd8 25. Qe2 Qc7 26. Qg4 Kh7 27.
Rfd1 Qc6 28. b4 f5 29. Qg3 Rxd1+ 30. Rxd1 Qe8 31. Bf4 Rd8 32. Rxd8 Qxd8 33. Bd6
Qc8 34. Bc7 Qe8 35. Qd6 Qg6 36. Qg3 Qxg3 37. Bxg3 Kg6 38. Be5 Kf7 39. g3 g6 40.
h4 h5 41. Kf1 Bf3 42. Ke1 Ke8 43. Kd2 Be4 44. Ke3 Ke7 45. Kf4 Kf7 46. f3 Bd5
47. g4 hxg4 48. fxg4 fxg4 49. Kxg4 Bc6 50. Kg5 Bd7 51. h5 gxh5 52. Kxh5 Bc6 53.
Kg5 Bd5 54. Kf4 Ke7 55. Bd4 Kd7 56. Ke5 Bc6 57. Be3 Bd5 1/2-1/2

[Event "31. Torneo San Viator 2019 - Grupo B"]
[Site "Madrid ESP"]
[Date "2019.10.20"]
[Round "6.16"]
[White "Viñas Blasco, Jorge"]
[Black "Jimenez Perez, Federico"]
[Result "1-0"]
[WhiteElo "1497"]
[BlackElo "1291"]
[PlyCount "109"]
[EventDate "2019.09.08"]
[EventType "swiss"]
[EventRounds "9"]
[EventCountry "ESP"]
[SourceTitle "Ajedrez en Madrid"]
[Source "lmi"]
[SourceDate "2019.09.08"]
[SourceVersion "1"]
[SourceVersionDate "2019.10.29"]
[SourceQuality "1"]

1. e4 c5 2. Nf3 g6 3. d4 cxd4 4. Nxd4 Nc6 5. c4 Bg7 6. Nc3 Nf6 7. Nc2 O-O 8.
Be2 d6 9. O-O e5 10. Ne3 Nd4 11. f3 Nxe2+ 12. Qxe2 Bh6 13. Rd1 Nh5 14. Ned5
Bxc1 15. Raxc1 Be6 16. Qd2 Bxd5 17. Nxd5 Nf4 18. Nxf4 exf4 19. Qxd6 Qg5 20. Rd5
Qh4 21. g3 fxg3 22. Qxg3 Qf6 23. e5 Qb6+ 24. Qf2 Qa6 25. b3 Rad8 26. Rcd1 Rxd5
27. cxd5 b6 28. h4 h5 29. f4 Qc8 30. Kh2 Qf5 31. d6 Rd8 32. Rg1 Kh7 33. Rg5 Qe4
34. Rg2 Qf5 35. Qg3 Rg8 36. Qg5 Qe6 37. Rd2 Qf5 38. Qxf5 gxf5 39. Rg2 Rd8 40.
Rg5 f6 41. Rxf5 fxe5 42. Rxh5+ Kg6 43. Rg5+ Kf6 44. fxe5+ Ke6 45. h5 Rh8 46.
Kg3 Kd7 47. Kg4 a5 48. Rg7+ Ke6 49. Re7+ Kd5 50. d7 Rg8+ 51. Kh4 Ke4 52. Re8
Rg1 53. d8=Q Kf4 54. Qf6+ Ke4 55. Qg6+ 1-0

[Event "31. Torneo San Viator 2019 - Grupo B"]
[Site "Madrid ESP"]
[Date "2019.10.20"]
[Round "6.17"]
[White "Gregorio Guerrero, Ivan"]
[Black "Higueruela Fernandez, Mario"]
[Result "1-0"]
[WhiteElo "1479"]
[BlackElo "1131"]
[PlyCount "115"]
[EventDate "2019.09.08"]
[EventType "swiss"]
[EventRounds "9"]
[EventCountry "ESP"]
[SourceTitle "Ajedrez en Madrid"]
[Source "lmi"]
[SourceDate "2019.09.08"]
[SourceVersion "1"]
[SourceVersionDate "2019.10.29"]
[SourceQuality "1"]

1. c4 e5 2. g3 Nc6 3. Bg2 Bc5 4. Nc3 d6 5. e3 Nf6 6. Nge2 h6 7. a3 Be6 8. d4
exd4 9. exd4 Bxc4 10. dxc5 dxc5 11. Qa4 Bd5 12. Nxd5 Nxd5 13. Qc4 Nce7 14. Qxc5
O-O 15. O-O b6 16. Qc4 Rc8 17. Rd1 c6 18. Nc3 Qd7 19. Qb3 Rfd8 20. Be3 Qe6 21.
Rd2 Nxe3 22. Rxd8+ Rxd8 23. Qxe6 fxe6 24. fxe3 c5 25. Bh3 Nf5 26. e4 Nd4 27.
Bg4 Kf7 28. Rd1 Kf6 29. Nb5 Rd7 30. Kf2 Ke5 31. Nc3 g6 32. Be2 Rf7+ 33. Ke3
Nxe2 34. Kxe2 h5 35. h4 Rg7 36. Ke3 g5 37. hxg5 Rxg5 38. Kf3 Rg7 39. Rh1 Rf7+
40. Ke3 Rh7 41. Rh4 Kf6 42. Ne2 Kg5 43. Nf4 e5 44. Ne2 a5 45. Nc3 Rb7 46. Rh1
Rd7 47. Rd1 Rc7 48. Rd6 Kg4 49. Ne2 b5 50. Re6 Rf7 51. Rg6+ Kh3 52. Rg5 Kg2 53.
Rf5 Rg7 54. Rxe5 c4 55. Rxb5 Rf7 56. Rf5 Rd7 57. Rxh5 Rd3+ 58. Kf4 1-0

[Event "31. Torneo San Viator 2019 - Grupo B"]
[Site "Madrid ESP"]
[Date "2019.10.20"]
[Round "6.18"]
[White "Martin Garcia, Francisco Javier"]
[Black "Giron Herranz, Ivan"]
[Result "0-1"]
[WhiteElo "1478"]
[BlackElo "1097"]
[PlyCount "92"]
[EventDate "2019.09.08"]
[EventType "swiss"]
[EventRounds "9"]
[EventCountry "ESP"]
[SourceTitle "Ajedrez en Madrid"]
[Source "lmi"]
[SourceDate "2019.09.08"]
[SourceVersion "1"]
[SourceVersionDate "2019.10.29"]
[SourceQuality "1"]

1. d4 d5 2. Nf3 Nf6 3. g3 Bg4 4. Ne5 Nc6 5. Nxg4 Nxg4 6. e4 Nf6 7. e5 Nd7 8. c3
e6 9. Bd3 Qe7 10. h4 f6 11. Qh5+ g6 12. Bxg6+ Kd8 13. exf6 Nxf6 14. Qe2 hxg6
15. Bg5 Kd7 16. Qd3 Qg7 17. Nd2 Bd6 18. O-O-O Nh7 19. Be3 a6 20. Rhe1 Rae8 21.
Nf1 e5 22. dxe5 Nxe5 23. Qxd5 Nf6 24. Qg2 Kc8 25. Bd4 Nd3+ 26. Rxd3 Rxe1+ 27.
Kd2 Re7 28. Ne3 Be5 29. Bc5 Rd7 30. Rxd7 Nxd7 31. Qh3 Kb8 32. Ba3 Nb6 33. Qf1
Rd8+ 34. Kc2 Qd7 35. Qe2 Qa4+ 36. Kb1 Bxc3 37. Be7 Qe4+ 38. Kc1 Bxb2+ 39. Kxb2
Qxe7 40. g4 Qc5 41. Kb1 Nc4 42. Nxc4 Qxc4 43. Qc2 Qb5+ 44. Ka1 Re8 45. Qd2 Qf1+
46. Kb2 Re2 0-1

[Event "31. Torneo San Viator 2019 - Grupo B"]
[Site "Madrid ESP"]
[Date "2019.10.20"]
[Round "6.20"]
[White "Perales Hernandez, Manuel"]
[Black "Lopez Guitian, Juan J."]
[Result "0-1"]
[WhiteElo "1324"]
[BlackElo "1541"]
[PlyCount "79"]
[EventDate "2019.09.08"]
[EventType "swiss"]
[EventRounds "9"]
[EventCountry "ESP"]
[SourceTitle "Ajedrez en Madrid"]
[Source "lmi"]
[SourceDate "2019.09.08"]
[SourceVersion "1"]
[SourceVersionDate "2019.10.29"]
[SourceQuality "1"]

1. e4 Nf6 2. e5 Nd5 3. Bc4 Nb6 4. Bb3 c5 5. d3 Nc6 6. Nf3 d5 7. h3 c4 8. dxc4
dxc4 9. Qe2 cxb3 10. axb3 Bf5 11. Be3 e6 12. O-O Be7 13. Nc3 O-O 14. Rfd1 Qb8
15. Bd4 Nxd4 16. Nxd4 Bg6 17. Ndb5 a6 18. Nd6 Qc7 19. Nce4 Rad8 20. c4 Bxe4 21.
Qxe4 Bxd6 22. exd6 Qb8 23. c5 Nd5 24. f4 Nf6 25. Qe5 Nd7 26. Qd4 Rc8 27. b4 Rc6
28. Rd3 Qd8 29. Rg3 Qf6 30. Qxf6 Nxf6 31. Rd3 Nd7 32. g4 g6 33. h4 Ra8 34. Rc3
Rac8 35. Re3 b6 36. Rxa6 bxc5 37. Rxc6 Rxc6 38. bxc5 Rxc5 39. Rc3 Rxc3 40. bxc3
0-1

[Event "31. Torneo San Viator 2019 - Grupo B"]
[Site "Madrid ESP"]
[Date "2019.10.20"]
[Round "6.21"]
[White "Hernandez Tadeo, Gabriel"]
[Black "Insua Rodriguez, Antonio"]
[Result "0-1"]
[WhiteElo "1511"]
[BlackElo "1320"]
[PlyCount "52"]
[EventDate "2019.09.08"]
[EventType "swiss"]
[EventRounds "9"]
[EventCountry "ESP"]
[SourceTitle "Ajedrez en Madrid"]
[Source "lmi"]
[SourceDate "2019.09.08"]
[SourceVersion "1"]
[SourceVersionDate "2019.10.29"]
[SourceQuality "1"]

1. e4 e6 2. d4 d5 3. e5 c5 4. c3 Nc6 5. Nf3 Qb6 6. a3 Nh6 7. b4 cxd4 8. cxd4
Nf5 9. Be3 Bd7 10. Bd3 Nxe3 11. fxe3 Rc8 12. O-O a5 13. b5 Ne7 14. a4 Nf5 15.
Qe2 Be7 16. Ra2 O-O 17. Rc2 Rxc2 18. Bxc2 Rc8 19. Qd3 Bb4 20. g4 Nxe3 21. Qxh7+
Kf8 22. Ng5 Nxf1 23. Qh8+ Ke7 24. Qxg7 Qxd4+ 25. Kh1 Qf4 26. Qh6 Qxh2+ 0-1

[Event "31. Torneo San Viator 2019 - Grupo B"]
[Site "Madrid ESP"]
[Date "2019.10.20"]
[Round "6.22"]
[White "Mora Gonzalez-Rojas, Francisco"]
[Black "Garcia Rojas, Juan Carlos"]
[Result "0-1"]
[WhiteElo "1244"]
[BlackElo "1508"]
[PlyCount "88"]
[EventDate "2019.09.08"]
[EventType "swiss"]
[EventRounds "9"]
[EventCountry "ESP"]
[SourceTitle "Ajedrez en Madrid"]
[Source "lmi"]
[SourceDate "2019.09.08"]
[SourceVersion "1"]
[SourceVersionDate "2019.10.29"]
[SourceQuality "1"]

1. d4 d5 2. Nc3 Nf6 3. Bf4 c6 4. h3 e6 5. a3 Qb6 6. Rb1 Nbd7 7. Nf3 c5 8. e3
Qa5 9. Bb5 Ne4 10. O-O Nxc3 11. bxc3 Qxc3 12. Rb3 Qa5 13. dxc5 Bxc5 14. Qa1 Qd8
15. Qxg7 Rf8 16. Ne5 a6 17. Nxd7 Bxd7 18. Bxd7+ Qxd7 19. Qxh7 O-O-O 20. Be5 b6
21. Bf6 Rde8 22. Rd1 e5 23. g4 Qe6 24. g5 Rg8 25. Rbd3 Qxf6 26. Rxd5 Rxg5+ 27.
Kf1 Bxe3 28. Ke2 Qxf2+ 29. Kd3 Bd4 30. Qe4 Rg3+ 31. Kc4 Rc3+ 32. Kb4 Qxc2 33.
Qxc2 Rxc2 34. Kb3 Rc3+ 35. Kb4 Rxh3 36. Rc1+ Bc5+ 37. Rdxc5+ bxc5+ 38. Rxc5+
Kb7 39. Rd5 f5 40. Rd7+ Kc6 41. Ra7 Rb8+ 42. Ka4 Rh4+ 43. Ka5 Rb5+ 44. Kxa6
Ra4# 0-1

[Event "31. Torneo San Viator 2019 - Grupo B"]
[Site "Madrid ESP"]
[Date "2019.10.20"]
[Round "6.23"]
[White "Gonzalez Reyes, Felix"]
[Black "Perez Ramos, Miguel Angel"]
[Result "1-0"]
[WhiteElo "1462"]
[BlackElo "1128"]
[PlyCount "109"]
[EventDate "2019.09.08"]
[EventType "swiss"]
[EventRounds "9"]
[EventCountry "ESP"]
[SourceTitle "Ajedrez en Madrid"]
[Source "lmi"]
[SourceDate "2019.09.08"]
[SourceVersion "1"]
[SourceVersionDate "2019.10.29"]
[SourceQuality "1"]

1. c4 e5 2. Nc3 c6 3. g3 Nf6 4. Bg2 Be7 5. e3 d5 6. cxd5 cxd5 7. Nge2 a6 8. a3
O-O 9. d4 e4 10. O-O Nc6 11. Bd2 Na5 12. b4 Nc4 13. Qc2 b5 14. Nf4 Bf5 15. Rfc1
Qd7 16. Be1 Rfc8 17. Qb3 a5 18. bxa5 Rxa5 19. Ncxd5 Rxa3 20. Nxe7+ Qxe7 21.
Rxa3 Nxa3 22. Rxc8+ Bxc8 23. Bb4 Qc7 24. Bxa3 Qc6 25. Qb4 Nd7 26. Bh3 h6 27.
Bxd7 Bxd7 28. Qf8+ Kh7 29. Qxf7 Be8 30. Qe7 Bd7 31. Nh5 Qg6 32. Qxd7 Qxh5 33.
Qxb5 Qd1+ 34. Qf1 Qb3 35. Bc5 Kg6 36. h3 Kf5 37. Qg2 Qb1+ 38. Kh2 h5 39. g4+
Ke6 40. gxh5 Qb8+ 41. Qg3 Qh8 42. Qg6+ Kd5 43. Qf5+ Kc4 44. Kg3 Kd3 45. Kf4
Qb8+ 46. Qe5 Qb2 47. Qxe4+ Ke2 48. Qf3+ Kd3 49. e4+ Kc4 50. e5 Qd2+ 51. Qe3 Qc2
52. e6 Qa4 53. e7 Qe8 54. Qe6+ Kd3 55. Qg6+ 1-0

[Event "31. Torneo San Viator 2019 - Grupo B"]
[Site "Madrid ESP"]
[Date "2019.10.20"]
[Round "6.24"]
[White "Carrera Mellado, Sergio"]
[Black "Torrecillas Adan, Luis"]
[Result "0-1"]
[WhiteElo "1202"]
[BlackElo "1400"]
[PlyCount "108"]
[EventDate "2019.09.08"]
[EventType "swiss"]
[EventRounds "9"]
[EventCountry "ESP"]
[SourceTitle "Ajedrez en Madrid"]
[Source "lmi"]
[SourceDate "2019.09.08"]
[SourceVersion "1"]
[SourceVersionDate "2019.10.29"]
[SourceQuality "1"]

1. d4 d5 2. c4 c6 3. Nf3 h6 4. Nc3 Nf6 5. Bf4 Bf5 6. Qb3 b6 7. Ne5 e6 8. Qa4
Qc8 9. e3 Be7 10. cxd5 Nxd5 11. Nxd5 exd5 12. Rc1 Bd7 13. Nxd7 Qxd7 14. Be2 Bd6
15. Bxd6 Qxd6 16. O-O O-O 17. Bf3 Rc8 18. Rc3 f5 19. g3 a5 20. Rfc1 b5 21. Qc2
g6 22. Be2 Rf8 23. a3 Ra7 24. Bf1 Raf7 25. Qd2 g5 26. R3c2 Rg7 27. Qd3 Qf6 28.
Bg2 Qd6 29. Bh3 Rgf7 30. Qd2 Qd8 31. Bg2 Rf6 32. Qe1 Re8 33. Qc3 h5 34. Qd3 Kg7
35. Bh3 g4 36. Bg2 Rh8 37. h4 gxh3 38. Bxh3 Kg6 39. g4 hxg4 40. Bxg4 Rh4 41.
Bf3 Re6 42. Kf1 Qg5 43. Ke2 Kf6 44. Rf1 Rh2 45. Ke1 f4 46. Re2 fxe3 47. fxe3
Rxe2+ 48. Qxe2 Rxe3 49. Bxd5+ Kg6 50. Bf7+ Kg7 51. Bh5 Rxe2+ 52. Bxe2 Qc1+ 53.
Kf2 Qxb2 54. Rg1+ Kf6 0-1

[Event "31. Torneo San Viator 2019 - Grupo B"]
[Site "Madrid ESP"]
[Date "2019.10.20"]
[Round "6.28"]
[White "Acebes Moran, Roberto"]
[Black "Martin Sanchez, Ivan"]
[Result "1-0"]
[WhiteElo "1034"]
[BlackElo "1095"]
[PlyCount "103"]
[EventDate "2019.09.08"]
[EventType "swiss"]
[EventRounds "9"]
[EventCountry "ESP"]
[SourceTitle "Ajedrez en Madrid"]
[Source "lmi"]
[SourceDate "2019.09.08"]
[SourceVersion "1"]
[SourceVersionDate "2019.10.29"]
[SourceQuality "1"]

1. e4 e5 2. Bc4 Nf6 3. Nc3 Bc5 4. Nf3 Ng4 5. O-O Nc6 6. h3 Nf6 7. d3 d6 8. Bg5
h6 9. Bh4 Qd7 10. Bxf6 gxf6 11. Nd5 Qd8 12. a3 Rg8 13. Kh1 Na5 14. Bb3 Nxb3 15.
cxb3 Bd4 16. Nxd4 exd4 17. Qf3 f5 18. exf5 Bxf5 19. Qxf5 Rg5 20. Qe4+ Re5 21.
Qf3 c6 22. Nf6+ Ke7 23. Ng4 Re6 24. Rfe1 Kd7 25. Rxe6 fxe6 26. Qf7+ Kc8 27.
Qxe6+ Kb8 28. Nxh6 a5 29. Nf7 Qg8 30. Qxd6+ Kc8 31. Qe6+ Kc7 32. Qd6+ Kc8 33.
Ne5 Qg7 34. Qxd4 Kc7 35. b4 Rg8 36. g4 Qh7 37. Kh2 Rd8 38. Qf4 Kb6 39. bxa5+
Ka7 40. Qe3+ Ka8 41. Qb6 Rh8 42. Qe3 Re8 43. d4 c5 44. dxc5 Qc7 45. Re1 Kb8 46.
Kg1 Rxe5 47. Qxe5 Qxe5 48. Rxe5 b6 49. cxb6 Ka8 50. Re7 Kb8 51. g5 Ka8 52. g6
1-0